Conjugaison du verbe être en latin - Statistiques

Statistiques générales
  • Ce quiz a été pris 28 fois
  • Le résultat moyen est 5 sur 17
Statistiques - réponses
Hint Réponse % Correct
infinitif présent esse
86%
présent, indicatif sum es est sumus estis sunt
71%
imparfait, indicatif eram eras erat eramus eratis erant
43%
futur, indicatif ero eris erit erimus eritis erunt
43%
imparfait, subjonctif essem esses esset essemus essetis essent
29%
infinitif parfait fuisse
29%
participe futur futurus
29%
impératif es este
14%
plus-que-parfait, indicatif fueram fueras fuerat fueramus fueratis fuerant
14%
parfait, subjonctif fuerim fueris fuerit fuerimus fueritis fuerint
14%
futur antérieur, indicatif fuero fueris fuerit fuerimus fueritis fuerint
14%
parfait, indicatif fui fuisti fuit fuimus fuistis fuerunt
14%
plus-que-parfait, subjonctif fuissem fuisses fuisset fuissemus fuissetis fuissent
14%
infinitif futur futurum esse ou fore
14%
participe présent inexistant
14%
présent, subjonctif sim sis sit simus sitis sint
14%
temps primitifs sum es esse fui (supin inexistant)
14%
Aucun quiz correspondant
Distribution des résultats
% des personnes avec chaque résultat
Percentile par nombre de réponses
Votre historique - résultats
Vous n’avez pas pris ce quiz